| 000 | 01020nam a22002777a 4500 | ||
|---|---|---|---|
| 999 |
_c12574 _d12574 |
||
| 003 | EG-ScBUE | ||
| 005 | 20210210120205.0 | ||
| 008 | 090812s2003 ua f 000 f ara d | ||
| 017 | _a2003/14041 | ||
| 020 | _a9770187585 | ||
| 040 |
_aEG-ScBUE _bara _erda _cEG-ScBUE _dEG-ScBUE |
||
| 082 | 0 | 4 |
_a892.736 _bم س ت _222 |
| 100 | 1 |
_aمستجاب، محمد، _d1938-2006، _eمؤلف. _927086 |
|
| 245 | 1 | 0 |
_aإنه الرابع من آل مستجاب : _bرواية / _cمحمد مستجاب. |
| 264 | 1 |
_aالقاهرة : _bالهيئة المصرية العامة للكتاب، _c2003. |
|
| 300 |
_a98 صفحة ؛ _c20 سم. |
||
| 336 |
_2rdacontent _aنص _btxt |
||
| 337 |
_2rdamedia _aبدون وسيط _bn |
||
| 338 |
_2rdacarrier _aمجلد _bnc |
||
| 490 | 0 |
_aمكتبة الأسرة. _aالأعمال الإبداعية |
|
| 650 | 7 |
_98244 _aالقصص الاجتماعية _zمصر _yقرن 20. _2BUEsh |
|
| 651 | _2BUEsh | ||
| 653 |
_bARALIT _cFebruary2021 |
||
| 655 |
_vReading book _934232 |
||
| 942 |
_2ddc _cBB |
||